000 00942nas a2200301 4500
001 BR0002203
003 BR-BrBNA
005 20231205101830.0
007 ta
008 230509b bl.|||p| |||| 00| 00por d
040 _aBR-BrBNA
_bpor
_cBiblioteca Nacional de Agricultura
041 _a(Pt)
072 _aF06
100 1 _aAzevedo, H.J.
100 1 _aBernardo, S.
100 1 _aRamos, M.M.
100 1 _aSediyama, G.C.
100 1 _aCecon, P.R.
245 1 _aInfluencia de elementos do clima no desperdicio de energia em um sistema de irrigacao por aspersao de alta pressao
650 _aIrrigacao por Aspersao
650 _aClimatologia
650 _aAspersor
650 _aVento
650 _aRio de Janeiro
773 0 _tRevista Brasileira de Engenharia Agricola e Ambiental (Brazil)
_xISSN 1415-4366
_g(Sep-Dec 1999), v. 3(3) p. 336-341
_wBR0002203
909 _a202311
_bLúcia
_c55
_dLúcia Elande
942 _2AGRIS
_n0
_cANA
999 _c164205
_d164205